| 000 | 00540nam a2200145Ia 4500 | ||
|---|---|---|---|
| 008 | 151213s9999 xx 000 0 und d | ||
| 100 | _aমাও: মু: আ: রহিম। | ||
| 245 |
_aপরিবার ও পারিবারিক জীবন। _cমাও: মু: আ: রহিম। |
||
| 260 |
_aঢাকা _bখায়রুন প্রকাশনী। _c2011 |
||
| 300 | _a10968 p. | ||
| 650 | _aBangla | ||
| 650 | _aইসলামী বই | ||
| 700 | _aমাও: মু: আ: রহিম। | ||
| 999 |
_c4940 _d4940 |
||